Loading...
| LEADER | 00538nam a22001817a 4500 | ||
|---|---|---|---|
| 003 | OSt | ||
| 020 | |a 9781784700140 | ||
| 082 | |a 784.209 2 |b MUR/AB | ||
| 100 | |a Murakami, Haruki | ||
| 245 | |a Absolutely on music | ||
| 260 | |a London |b Vintage |c 2016 | ||
| 300 | |a 325p. | ||
| 546 | |a English | ||
| 650 | |a Music | ||
| 700 | |a Ozawa, Seiji | ||
| 942 | |2 ddc |c BK | ||
| 999 | |c 164215 |d 164215 | ||
| 952 | |0 0 |1 0 |2 ddc |4 0 |6 784_209000000000000_2_MURAB |7 0 |8 Gen |9 163978 |a KAUCLV |b KAUCLV |c GENERAL |d 2019-05-31 |g 499.00 |o 784.209 2 MUR/AB |p 229068 |r 2019-05-31 |w 2019-05-31 |y BK | ||